<?xml version="1.0" encoding="UTF-8"?><?xml-stylesheet type="text/xsl" href="static/style.xsl"?><OAI-PMH xmlns="http://www.openarchives.org/OAI/2.0/" xmlns:xsi="http://www.w3.org/2001/XMLSchema-instance" xsi:schemaLocation="http://www.openarchives.org/OAI/2.0/ http://www.openarchives.org/OAI/2.0/OAI-PMH.xsd"><responseDate>2026-06-29T22:10:10Z</responseDate><request verb="GetRecord" identifier="oai:riubu.ubu.es:10259/9372" metadataPrefix="marc">https://riubu.ubu.es/oai/request</request><GetRecord><record><header><identifier>oai:riubu.ubu.es:10259/9372</identifier><datestamp>2024-07-13T00:05:14Z</datestamp><setSpec>com_10259.4_2498</setSpec><setSpec>com_10259_5086</setSpec><setSpec>com_10259_2604</setSpec><setSpec>col_10259.4_2499</setSpec></header><metadata><record xmlns="http://www.loc.gov/MARC21/slim" xmlns:doc="http://www.lyncode.com/xoai" xmlns:xsi="http://www.w3.org/2001/XMLSchema-instance" xmlns:dcterms="http://purl.org/dc/terms/" xsi:schemaLocation="http://www.loc.gov/MARC21/slim http://www.loc.gov/standards/marcxml/schema/MARC21slim.xsd">
<leader>00925njm 22002777a 4500</leader>
<datafield tag="042" ind1=" " ind2=" ">
<subfield code="a">dc</subfield>
</datafield>
<datafield tag="720" ind1=" " ind2=" ">
<subfield code="a">Chicharro Merayo, María del Mar</subfield>
<subfield code="e">author</subfield>
</datafield>
<datafield tag="720" ind1=" " ind2=" ">
<subfield code="a">Gil Gascón, Fátima</subfield>
<subfield code="e">author</subfield>
</datafield>
<datafield tag="720" ind1=" " ind2=" ">
<subfield code="a">Antona Jimeno, Tamara</subfield>
<subfield code="e">author</subfield>
</datafield>
<datafield tag="260" ind1=" " ind2=" ">
<subfield code="c">2024-01-15</subfield>
</datafield>
<datafield tag="520" ind1=" " ind2=" ">
<subfield code="a">Después de más de cuarenta años de acción armada, en 2011, la banda terrorista ETA (Euskadi Ta Askatasuna/País Vasco y Libertad) puso fin a su lucha por la independencia vasca. El presente estudio aborda el tratamiento de la banda terrorista ETA, en la ficción televisiva. Se parte del supuesto general de que estas producciones colaboran en la construcción de memoria, en la revisión de la historia y la gestión de traumas sociales. Se plantea el estudio de 15 producciones, principalmente dramáticas, en las que se ha identificado una presencia central de ETA en su lucha armada por la independencia del País Vasco. A través de la metodología del close reading se ha realizado un análisis narrativo, atendiendo a tres variables fundamentales: la identificación del protagonista y su relación con la banda; el rol narrativo de la banda; los escenarios en los que se desarrolla la acción. Los resultados señalan como es posible construir una tipología de estas producciones en la que se pone de manifiesto la diversidad de enfoques y tratamientos en torno a la banda.</subfield>
</datafield>
<datafield tag="520" ind1=" " ind2=" ">
<subfield code="a">After more than forty years of armed action, in 2011 the terrorist group  ETA  (Euskadi  Ta  Askatasuna/Basque  Country  and  Freedom)  ended its armed fight for Basque independence. This study focuses on the treatment of the terrorist group ETA in Spanish television fiction. This research is based on the general assumption that television fiction products collaborate in the construction of collective memory, the revision of history and the management of social trauma. Audiovisual memory can be a tool that helps forgiveness and reconciliation  processes. This  research studies  15  productions,  mainly  dram,  in which ETA and its armed struggle for the independence of the Basque Country has a central presence. Using the close reading methodology, a narrative analysis has been made concerning three main variables: the figure of the protagonist,  the  narrative  role  of  ETA,  and  the  scenery  where  the  action  takes  place. The results indicate how it is possible to build a typology of these productions through which different approaches and treatments around the terrorist band are identified.</subfield>
</datafield>
<datafield tag="024" ind2=" " ind1="8">
<subfield code="a">2444-3239</subfield>
</datafield>
<datafield tag="024" ind2=" " ind1="8">
<subfield code="a">http://hdl.handle.net/10259/9372</subfield>
</datafield>
<datafield tag="024" ind2=" " ind1="8">
<subfield code="a">10.62008/ixc/14/01Ficcio</subfield>
</datafield>
<datafield tag="024" ind2=" " ind1="8">
<subfield code="a">2174-1859</subfield>
</datafield>
<datafield ind1=" " ind2=" " tag="653">
<subfield code="a">Ficción televisiva</subfield>
</datafield>
<datafield ind1=" " ind2=" " tag="653">
<subfield code="a">Representaciones sociales</subfield>
</datafield>
<datafield ind1=" " ind2=" " tag="653">
<subfield code="a">ETA</subfield>
</datafield>
<datafield ind1=" " ind2=" " tag="653">
<subfield code="a">Terrorismo</subfield>
</datafield>
<datafield ind1=" " ind2=" " tag="653">
<subfield code="a">Memoria</subfield>
</datafield>
<datafield ind1=" " ind2=" " tag="653">
<subfield code="a">España</subfield>
</datafield>
<datafield ind1=" " ind2=" " tag="653">
<subfield code="a">Television fiction</subfield>
</datafield>
<datafield ind1=" " ind2=" " tag="653">
<subfield code="a">Social representations</subfield>
</datafield>
<datafield ind1=" " ind2=" " tag="653">
<subfield code="a">ETA</subfield>
</datafield>
<datafield ind1=" " ind2=" " tag="653">
<subfield code="a">Terrorism</subfield>
</datafield>
<datafield ind1=" " ind2=" " tag="653">
<subfield code="a">Memory</subfield>
</datafield>
<datafield ind1=" " ind2=" " tag="653">
<subfield code="a">Spain</subfield>
</datafield>
<datafield tag="245" ind1="0" ind2="0">
<subfield code="a">Ficción televisiva y memoria política sobre el terrorismo en España: el caso de ETA</subfield>
</datafield>
</record></metadata></record></GetRecord></OAI-PMH>